Les jokers bordas: le programme par les exercices
Saved in:
| Main Authors: | , |
|---|---|
| Format: | Bog |
| Sprog: | fransk |
| Udgivet: |
Bayeux
Bordas
1978
|
| Fag: | |
| Tags: |
Tilføj Tag
Ingen Tags, Vær først til at tagge denne postø!
|
MARC
| LEADER | 00000nam a2200000 a 4500 | ||
|---|---|---|---|
| 001 | UCQ8743 | ||
| 003 | CL-VaPUC | ||
| 008 | 981217e19780000FR |||||||||||||||||fre|d | ||
| 082 | 0 | 4 | |a 372.7 |b CAP |2 21 |
| 100 | 0 | |a Caparros, Gérard |e author |9 422908 | |
| 700 | 0 | |a Goetz, Alberte |e author |9 422909 | |
| 245 | 1 | 4 | |a Les jokers bordas: le programme par les exercices |
| 246 | 1 | 0 | |a Mathématiques 5e: 700 exercices et problèmes gradués, avec 120 solutions |
| 300 | |a 236 p | ||
| 942 | |c BK | ||
| 945 | |d 19981217 00:00:00 |a cmena | ||
| 260 | |a Bayeux |b Bordas |c 1978 | ||
| 650 | 0 | |a Educación básica |9 224933 | |
| 650 | 0 | |a Teoría de conjuntos |9 265668 | |
| 650 | 0 | |a Relaciones matemáticas |9 359925 | |
| 650 | 0 | |a Geometría |9 264063 | |
| 650 | 0 | |a Matemáticas |x Enseñanza |9 875527 | |
| 583 | |a last modification |c 19981217 00:00:00 |k Rodrigo Vera | ||
| 999 | |c 277924 |d 277922 | ||